Corrèze - mort subite - Statistiques

Statistiques générales
  • Ce quiz a été pris 39 fois
  • Le résultat moyen est 9 sur 18
Answers on the Grid
Answers color-coded by a green-red scale on the quiz's grid according to % correct below.
Un sommet de 1000 m
Le Lot
Tulle
Kalemie
La Dordogne
Ussel
Le gouffre le plus profond de l'Europe
Bouaké
Diourbel
Le tombeau de Jacques Chirac
La grotte de Lascaux
Brive-la-Gaillarde
Malemort
Un aéroport international
Égletons
Seraing
Ouesso
Ségou
Collonges-la-Rouge
Le barrage de Bort-les-Orgues
Uzerche
Ségur-le-Château,
Le lieu de naissance du pape Clément VI
Saint-Pantaléon-de-Larche
Bron
La gare de Montauban-Ville-Bourbon
Moundou
Le plateau de Millevaches
Objat
Taëf
Garoua
Ussac
Labé
Varetz
Termez
Turenne
 
Statistiques - réponses
Réponse % Correct
Tulle
82%
Brive-la-Gaillarde
75%
Ussel
71%
La Dordogne
57%
Le plateau de Millevaches
57%
Uzerche
57%
Collonges-la-Rouge
54%
Égletons
54%
Malemort
54%
Saint-Pantaléon-de-Larche
43%
Le barrage de Bort-les-Orgues
39%
Objat
39%
Ségur-le-Château,
36%
Ussac
36%
Turenne
32%
Varetz
29%
Rosiers-d'Égletons Le lieu de naissance du pape Clément VI
21%
Brive–Souillac Un aéroport international
14%
Aucun quiz correspondant
Distribution des résultats
% des personnes avec chaque résultat
Percentile par nombre de réponses
Votre historique - résultats
Vous n’avez pas pris ce quiz